North-south divide (Record no. 66991)

MARC details
000 -LEADER
fixed length control field 01170cam a2200241 4500
001 - CONTROL NUMBER
control field ABS64045
008 - FIXED-LENGTH DATA ELEMENTS--GENERAL INFORMATION
fixed length control field 000000n2001 000 0 eng u
035 ## - SYSTEM CONTROL NUMBER
System control number (Sirsi) u112555
100 ## - MAIN ENTRY--PERSONAL NAME
Personal name White, M.
245 ## - TITLE STATEMENT
Title North-south divide
260 ## - PUBLICATION, DISTRIBUTION, ETC.
Date of publication, distribution, etc. 2001
490 ## - SERIES STATEMENT
Series statement Property Week
Volume/sequential designation 66(15) 12 April 2001, 70(1)
520 ## - SUMMARY, ETC.
Summary, etc. Considers the differences between England and Scotland when pursuing commercial property transactions. Discusses the situations of a compulsory purchase order being placed on a property and a fire destroying a property after contracts are exchanged (concluded in Scotland), and highlights that in England the buyer is more likely to bear the risk than in Scotland. Also looks at the issues of penalty for late completion and paying deposits for each country. Concludes that cross-border commercial differences can be tackled by using agents and lawyers who have experience of deals in England and Scotland.
590 ## - LOCAL NOTE (RLIN)
Local note ABS
650 ## - SUBJECT ADDED ENTRY--TOPICAL TERM
Topical term or geographic name entry element SCOTLAND
650 ## - SUBJECT ADDED ENTRY--TOPICAL TERM
Topical term or geographic name entry element PROPERTY TRANSACTIONS
650 ## - SUBJECT ADDED ENTRY--TOPICAL TERM
Topical term or geographic name entry element Contracts
9 (RLIN) 6232
650 ## - SUBJECT ADDED ENTRY--TOPICAL TERM
Topical term or geographic name entry element PROPERTY DEALS
650 ## - SUBJECT ADDED ENTRY--TOPICAL TERM
Topical term or geographic name entry element ENGLAND
650 ## - SUBJECT ADDED ENTRY--TOPICAL TERM
Topical term or geographic name entry element CROSS-BORDER
690 ## - LOCAL SUBJECT ADDED ENTRY--TOPICAL TERM (OCLC, RLIN)
Topical term or geographic name as entry element PROPERTY
942 ## - ADDED ENTRY ELEMENTS (KOHA)
Suppress in OPAC 0
Holdings
Withdrawn status Lost status Source of classification or shelving scheme Damaged status Not for loan Home library Current library Shelving location Date acquired Total Checkouts Full call number Barcode Date last seen Copy number Price effective from Koha item type
    Dewey Decimal Classification     London London Journal article 14/05/2001   ABS64045 112555-1001 06/08/2019 1 06/08/2019 Journal article